000 01707nam a2200373 c 4500
003 BLK
005 20230407030347.0
008 180409b bul|||||r ||||||| ||bul||
010 _aKNG00111449000
020 _a954-909-34-5-Х
_bиздат.: Диоген.bg
040 _aBLK
041 _aBUL
_cBUL
080 _aЛитературна дейност. Редактиране. Култура на речта. Стилистика. Литературна техника
_b808
_x(075.3)
_z808(075.3)
080 _aЕсета. Очерци. Скици. Вж и 82-95
_b82-4
_x(075.3)
_z82-4(075.3)
100 1 _aПанов, Александър Асенов
_eпърви автор
_9370934
700 1 _aСтефанов, Валери Стоилов
_eсъавт.
_9366828
139 _aПанов, Александър Асенов и др.
_bП 18
245 1 0 _aИзкуството да пишем VІІІ - ХІІ клас
_cАлександър Асенов Панов; съавт. Валери Стоилов Стефанов.
257 _aBGR
260 София
_bДиоген.bg
_c2004
_fСофия : Инвестпрес
300 _a112 с.
_c24 см
380 _aX
490 1 _aБългарски език и литература
650 4 _aБългарска литература - учебни помагала
_9242720
650 4 _aБългарски език - учебни помагала
_9242056
653 _aбългарска литература
653 _aучебни помагала
653 _aбългарски език
852 _aЦб 218360
856 4 _qpdf
_u
856 4 _qpdf
_u
942 _cKNG
_n0
_02
944 _aCR
_c04.03.2004
_kЦветанка_Енчева
944 _aED
_c13.03.2007
_k
999 _c106195
_d106195